| 000 | 00476nam a2200169Ia 4500 | ||
|---|---|---|---|
| 005 | 20250423095622.0 | ||
| 008 | 250422s9999 xx 000 0 und d | ||
| 020 | _a0895775069 | ||
| 050 | _aE 159 .H7138/ | ||
| 245 | 0 | _aHistoric places | |
| 260 | _aPleasantville | ||
| 260 | _bReader's Digest Association | ||
| 260 | _cc1993 | ||
| 300 | _a144 p | ||
| 650 | _aHistoric sites_United States_Guidebooks. United States_History, Local. United States_Guidebooks. | ||
| 942 | _cBK | ||
| 999 |
_c30820 _d30820 |
||